[Event "Xtracon Chess Open 2017"]
[Site "Helsingor DEN"]
[Date "2017.07.23"]
[Round "3.34"]
[White "Issakainen, Ari"]
[Black "Getz, Nicolai"]
[Result "0-1"]
[BlackTitle "IM"]
[WhiteElo "2168"]
[BlackElo "2415"]
[WhiteFideId "500330"]
[BlackFideId "1505572"]
[EventDate "2017.07.22"]

1. d4 Nf6 2. c4 g6 3. g3 Bg7 4. Bg2 O-O 5. Nc3 d6 6. Nf3 Nc6 7. O-O a6 8. d5 Na5
9. Nd2 c5 10. Qc2 Rb8 11. b3 b5 12. Bb2 e5 13. dxe6 fxe6 14. cxb5 axb5 15. Rad1
Bb7 16. Nce4 Nxe4 17. Nxe4 Bxe4 18. Bxe4 Bxb2 19. Qxb2 d5 20. Bg2 Nc6 21. Qc2
Qd6 22. Rc1 c4 23. Rcd1 Qc5 24. h4 Rf6 25. e3 Rc8 26. bxc4 bxc4 27. Qc3 Rf7 28.
Bh3 Re8 29. Rd2 Ra7 30. h5 gxh5 31. Rb1 e5 32. Bf1 Kh8 33. Rbd1 Ra3 34. Qc1 Ne7
35. Bg2 e4 36. Rc2 Rd3 37. Qa1+ Kg8 38. Rdc1 Ng6 39. Bf1 h4 40. Bxd3 exd3 41.
Rc3 Qd6 42. Qb2 hxg3 43. Rf1 Nh4 44. Qb5 Rb8 45. Qa5 gxf2+ 46. Kh1 Qe6 0-1

[Event "Xtracon Chess Open 2017"]
[Site "Helsingor DEN"]
[Date "2017.07.23"]
[Round "3.35"]
[White "Colpe, Malte"]
[Black "Kardoeus, David"]
[Result "1-0"]
[WhiteElo "2412"]
[BlackElo "2165"]
[WhiteFideId "24623075"]
[BlackFideId "12912050"]
[EventDate "2017.07.22"]

1. d4 Nf6 2. c4 g6 3. Nc3 Bg7 4. e4 d6 5. f4 c5 6. d5 O-O 7. Nf3 e6 8. Be2 exd5
9. cxd5 Re8 10. e5 dxe5 11. fxe5 Ng4 12. e6 fxe6 13. d6 Nc6 14. O-O Bd7 15. Ne4
Qb6 16. Kh1 Rf8 17. Bg5 Rf5 18. Rc1 Raf8 19. h3 Nf6 20. Bxf6 Bxf6 21. Qc2 Nd4
22. Nxd4 Bxd4 23. Rfe1 h5 24. Bc4 Kg7 25. Qd3 a6 26. a3 Bxb2 27. Rb1 Qa5 28. Qb3
Be5 29. Qxb7 R8f7 30. Qxa6 Qxa6 31. Bxa6 Bc6 32. Nxc5 Bxd6 33. Nxe6+ Kh6 34. Nd8
Bxg2+ 35. Kxg2 Rg5+ 36. Kh1 Rf2 37. Re2 Rf3 38. Bc8 Bc7 39. Rd1 Bxd8 40. Rxd8
Rxa3 41. Rd6 Rga5 42. Be6 Rf3 43. Bd7 Raa3 44. Kh2 Rfd3 45. Rxd3 Rxd3 46. Re7
Kg5 47. Rf7 Kh4 48. Kg2 g5 49. Rh7 Rg3+ 50. Kf2 Ra3 51. Bg4 Ra2+ 52. Be2 g4 53.
hxg4 Kg5 54. Rxh5+ Kf4 55. Rf5+ Ke4 56. Rf3 Rb2 57. g5 Rb6 58. Bd3+ Kd4 59. g6 1-0

[Event "Xtracon Chess Open 2017"]
[Site "Helsingor DEN"]
[Date "2017.07.23"]
[Round "3.36"]
[White "Ezra, Paul Chambers"]
[Black "Sukandar, Irine Kharisma"]
[Result "1-0"]
[WhiteTitle "FM"]
[BlackTitle "IM"]
[WhiteElo "2162"]
[BlackElo "2409"]
[WhiteFideId "20300204"]
[BlackFideId "7101937"]
[EventDate "2017.07.22"]

1. e4 c5 2. Nf3 Nc6 3. Bb5 d6 4. O-O Bd7 5. Re1 a6 6. Bxc6 Bxc6 7. d4 cxd4 8.
Nxd4 Bd7 9. Nc3 Nf6 10. f4 e5 11. Nf5 Be6 12. Qf3 g6 13. fxe5 dxe5 14. Bg5 Qb6+
15. Kh1 Nd7 16. Ne3 Bg7 17. Ncd5 Qc6 18. a4 f6 19. Bh4 Bxd5 20. Nxd5 Rc8 21. b4
Qe6 22. Qb3 Kf7 23. Rf1 Rhe8 24. Rad1 b5 25. axb5 axb5 26. Qd3 Rc4 27. Ne3 Rd4
28. Qxb5 Rb8 29. Qa5 Rbxb4 30. c3 Rxd1 31. Rxd1 Rb7 32. Qa8 Qc6 33. h3 Bf8 34.
Nd5 Rc7 35. Nxc7 1-0

[Event "Xtracon Chess Open 2017"]
[Site "Helsingor DEN"]
[Date "2017.07.23"]
[Round "3.37"]
[White "Guindy, Esmat Susanne"]
[Black "Holm, Kristian Stuvik"]
[Result "0-1"]
[WhiteTitle "WFM"]
[BlackTitle "IM"]
[WhiteElo "2158"]
[BlackElo "2403"]
[WhiteFideId "1401637"]
[BlackFideId "1508083"]
[EventDate "2017.07.22"]

1. d4 Nf6 2. c4 c5 3. d5 b5 4. cxb5 a6 5. bxa6 g6 6. Nc3 Bg7 7. g3 d6 8. Bg2 O-O
9. Nf3 Nxa6 10. O-O Bf5 11. Nh4 Bd7 12. Bd2 Qb6 13. Qc1 Rfb8 14. Rb1 Nc7 15. Bh6
Bh8 16. a3 Qb3 17. Qe3 Ra6 18. Rfd1 Rab6 19. Bf4 Kf8 20. Bh6+ Ke8 21. Bf4 Ng4
22. Qe4 Bxc3 23. bxc3 Qxb1 24. Rxb1 Rxb1+ 25. Bf1 Nf6 26. Qg2 Ra1 27. Nf3 Ne4
28. h3 Rbb1 29. Nh2 Nxc3 30. Qf3 N7b5 31. Kg2 Bf5 0-1

[Event "Xtracon Chess Open 2017"]
[Site "Helsingor DEN"]
[Date "2017.07.23"]
[Round "3.38"]
[White "Kocur, Johan"]
[Black "Miedema, David"]
[Result "1/2-1/2"]
[BlackTitle "IM"]
[WhiteElo "2055"]
[BlackElo "2373"]
[WhiteFideId "202614"]
[BlackFideId "1018477"]
[EventDate "2017.07.22"]

1. Nf3 Nf6 2. g3 d5 3. c4 dxc4 4. Na3 Be6 5. Bg2 c6 6. Ng5 Bf5 7. Nxc4 h6 8. Nf3
Qc8 9. Nce5 Nbd7 10. d4 e6 11. O-O Be4 12. b3 Qc7 13. Bb2 Rd8 14. Qc1 Nxe5 15.
dxe5 Nd5 16. Qc4 Bxf3 17. Bxf3 Be7 18. Qg4 O-O 19. Be4 Bc5 20. Rac1 Qa5 21. Bb1
Ba3 22. Qe4 g6 23. Bxa3 Qxa3 24. h4 Ne7 25. h5 Qb2 26. Qh4 g5 27. Qe4 Nf5 28. e3
Rd2 29. Rc2 Rxc2 30. Bxc2 Rd8 31. g4 Rd2 32. gxf5 exf5 33. Qxf5 Qxc2 34. Qxc2
Rxc2 35. Rd1 Rc5 36. e6 fxe6 37. Rd7 Rb5 38. Re7 g4 39. Rxe6 Rxh5 40. Rg6+ Kf7
41. Rxg4 Kf6 42. Rb4 b5 43. Re4 Rd5 44. a4 a5 45. axb5 Rg5+ 46. Kf1 cxb5 47. Re8
h5 48. Ra8 h4 49. Rh8 Rg4 50. f4 a4 51. bxa4 bxa4 52. Kf2 a3 53. Ra8 h3 54. Rxa3
Rg2+ 55. Kf3 Rg1 56. Ra2 Rf1+ 57. Rf2 Rh1 58. e4 h2 59. Kg2 Re1 60. e5+ Kf5 61.
Kxh2 Re3 62. Kg2 Kg4 63. Kf1 Re4 64. Kg2 Re3 65. f5 1/2-1/2

[Event "Xtracon Chess Open 2017"]
[Site "Helsingor DEN"]
[Date "2017.07.23"]
[Round "3.39"]
[White "Haldorsen, Benjamin"]
[Black "Bjorneboe, Kristian"]
[Result "1-0"]
[WhiteTitle "FM"]
[WhiteElo "2370"]
[BlackElo "2023"]
[WhiteFideId "1512633"]
[BlackFideId "1424718"]
[EventDate "2017.07.22"]

1. e4 c6 2. d4 d5 3. Nd2 dxe4 4. Nxe4 Nf6 5. Nxf6+ exf6 6. c3 Bd6 7. Bd3 O-O 8.
Qc2 h6 9. Ne2 Re8 10. Be3 Qc7 11. O-O-O b5 12. Kb1 Be6 13. Ng3 Nd7 14. Nf5 Bf8
15. h4 Nb6 16. g4 Nd5 17. Bd2 Nf4 18. Be4 Bd5 19. Bxd5 cxd5 20. g5 h5 21. gxf6
g6 22. Rhg1 Re6 23. Ng7 Bxg7 24. fxg7 b4 25. Rg5 bxc3 26. Qxc3 Qd6 27. Qc5 Nd3
28. Qxd6 Rxd6 29. Be3 Nb4 30. Rc1 Rad8 31. Rc7 R6d7 32. Rc3 Kxg7 33. Rg1 Rd6 34.
Rgc1 R8d7 35. a3 Na6 36. Rc8 Re6 37. b4 Ree7 38. Bf4 Re4 39. Bg3 Re6 40. R1c6
Rde7 1-0

[Event "Xtracon Chess Open 2017"]
[Site "Helsingor DEN"]
[Date "2017.07.23"]
[Round "3.40"]
[White "Grundekjon, Christian"]
[Black "Rosen, Eric S"]
[Result "1/2-1/2"]
[BlackTitle "IM"]
[WhiteElo "2035"]
[BlackElo "2369"]
[WhiteFideId "1512625"]
[BlackFideId "2032562"]
[EventDate "2017.07.22"]

1. Nf3 Nf6 2. g3 e6 3. Bg2 d5 4. O-O Be7 5. d3 O-O 6. Nbd2 b6 7. e4 dxe4 8. Ng5
Bb7 9. Ndxe4 Nxe4 10. Nxe4 Qc8 11. b3 c5 12. Bb2 Nc6 13. Nd2 Nd4 14. Bxb7 Qxb7
15. Bxd4 cxd4 16. a4 Bb4 17. f4 Rac8 18. Rf2 Rc7 19. Qf3 Qxf3 20. Nxf3 Rfc8 21.
Ra2 Bc3 22. Re2 Kf8 23. Kf2 Ke7 24. f5 Rc5 25. fxe6 fxe6 26. Nd2 Rf8+ 27. Kg2
Bxd2 28. Rxd2 Re5 29. Ra1 Kd6 30. Rf1 Rxf1 31. Kxf1 h5 32. Re2 g5 33. Ke1 Rf5
34. Re4 e5 35. g4 hxg4 36. Rxg4 Kc5 37. h4 gxh4 38. Rxh4 Kb4 39. Rh7 Kc3 40.
Rc7+ Kb2 41. Kd1 Rf1+ 42. Kd2 Rf2+ 43. Kd1 Rh2 44. Rc4 Rh7 45. Kd2 Rd7 46. Rc6
Rd5 47. Kd1 Rd8 48. Rc7 a6 49. Rc6 e4 50. dxe4 d3 51. cxd3 Rxd3+ 52. Ke2 Rxb3
53. a5 bxa5 54. Rxa6 Rb5 55. Kd3 Kb3 56. Kd4 a4 57. e5 a3 58. e6 a2 59. e7 Rb8
60. Ke5 Rh8 1/2-1/2

[Event "Xtracon Chess Open 2017"]
[Site "Helsingor DEN"]
[Date "2017.07.23"]
[Round "3.41"]
[White "Jensen, Thore Nyboe"]
[Black "Hoi, Carsten"]
[Result "0-1"]
[BlackTitle "GM"]
[WhiteElo "2016"]
[BlackElo "2356"]
[WhiteFideId "1405349"]
[BlackFideId "1400100"]
[EventDate "2017.07.22"]

1. e4 g6 2. d4 Bg7 3. f4 d6 4. Nf3 c5 5. d5 Nf6 6. Nc3 O-O 7. Bc4 b5 8. Bxb5
Nxe4 9. Bd2 Nxd2 10. Nxd2 Qb6 11. a4 a6 12. Nc4 Qc7 13. Bc6 Nxc6 14. dxc6 Qxc6
15. Nd5 Ra7 16. O-O Bd4+ 17. Kh1 0-1

[Event "Xtracon Chess Open 2017"]
[Site "Helsingor DEN"]
[Date "2017.07.23"]
[Round "3.42"]
[White "Greeuw, Sietske"]
[Black "Rietze, Clemens"]
[Result "0-1"]
[BlackTitle "FM"]
[WhiteElo "1964"]
[BlackElo "2343"]
[WhiteFideId "1020285"]
[BlackFideId "24620351"]
[EventDate "2017.07.22"]

1. e4 c5 2. c3 Nf6 3. e5 Nd5 4. Nf3 e6 5. d4 cxd4 6. Bc4 Nc6 7. cxd4 d6 8. O-O
Be7 9. Qe2 O-O 10. Nc3 dxe5 11. dxe5 Nxc3 12. bxc3 Qc7 13. Qe4 Rd8 14. Bd3 g6
15. Re1 b6 16. Bd2 Bb7 17. Qe2 Na5 18. Nd4 Rac8 19. h4 Bxh4 20. Qg4 Be7 21. Nxe6
Qd7 22. Bf5 Qxd2 23. Nxd8 Rxd8 24. e6 Qg5 25. exf7+ Kxf7 26. Be6+ Kg7 27. Qh3
Rd3 28. Re3 Rxe3 29. fxe3 Bxg2 30. Qxg2 Qxe3+ 31. Kf1 Qxe6 32. Re1 Qf6+ 33. Ke2
Qxc3 34. Rd1 Qc4+ 35. Rd3 Qxa2+ 36. Rd2 Qc4+ 37. Rd3 h5 0-1

[Event "Xtracon Chess Open 2017"]
[Site "Helsingor DEN"]
[Date "2017.07.23"]
[Round "3.43"]
[White "Kollars, Dmitrij"]
[Black "Nilssen, Ellen Fredericia"]
[Result "1-0"]
[WhiteTitle "IM"]
[WhiteElo "2510"]
[BlackElo "1948"]
[WhiteFideId "12909572"]
[BlackFideId "1441230"]
[EventDate "2017.07.22"]

1. e4 e6 2. d4 d5 3. Nc3 dxe4 4. Nxe4 Bd7 5. Nf3 Bc6 6. Bd3 Nd7 7. O-O Ngf6 8.
Ng3 Bxf3 9. Qxf3 c6 10. b3 Qc7 11. c4 Be7 12. Bb2 O-O 13. Rfe1 Rfe8 14. Rad1 a5
15. a4 Rad8 16. Bc2 Nf8 17. h4 h6 18. Nf1 N6d7 19. g3 Bf6 20. Bc1 Bxd4 21. Rxd4
Ne5 22. Rxe5 Qxe5 23. Re4 Qc5 24. Bb2 f5 25. Re5 Qd6 26. Qc3 Re7 27. Qxa5 Ng6
28. Ba3 Qxe5 29. Qxd8+ Kh7 30. Bxe7 1-0

[Event "Xtracon Chess Open 2017"]
[Site "Helsingor DEN"]
[Date "2017.07.23"]
[Round "3.44"]
[White "Rishovd, Svein"]
[Black "Grigoriants, Sergey"]
[Result "1/2-1/2"]
[BlackTitle "GM"]
[WhiteElo "2092"]
[BlackElo "2566"]
[WhiteFideId "1513060"]
[BlackFideId "4130804"]
[EventDate "2017.07.22"]

1. d4 Nf6 2. c4 e6 3. Nf3 b6 4. g3 Bb4+ 5. Bd2 c5 6. Bg2 Bb7 7. O-O O-O 8. Bxb4
cxb4 9. Nbd2 a5 10. Qc2 d6 11. Rfd1 Qc7 12. Rac1 Na6 13. Ng5 Bxg2 14. Kxg2 h6
15. Nge4 Nd7 16. Nf3 Rac8 1/2-1/2

[Event "Xtracon Chess Open 2017"]
[Site "Helsingor DEN"]
[Date "2017.07.23"]
[Round "3.45"]
[White "Goh, Wei Ming Kevin"]
[Black "Andersen, Soren Mikkel"]
[Result "1-0"]
[WhiteTitle "IM"]
[WhiteElo "2446"]
[BlackElo "2123"]
[WhiteFideId "5800706"]
[BlackFideId "1411918"]
[EventDate "2017.07.22"]

1. d4 d5 2. Bf4 Nf6 3. e3 c5 4. Nd2 Nc6 5. c3 Qb6 6. Qb3 c4 7. Qc2 Nh5 8. Bg5 h6
9. Bh4 g5 10. Be2 Ng7 11. Bg3 Bf5 12. Qc1 Rc8 13. h4 Ne6 14. e4 Ncxd4 15. cxd4
Bxe4 16. Nxe4 dxe4 17. hxg5 Nxg5 18. Be5 Rg8 19. Qc2 f6 20. Bh5+ Kd8 21. Bg3 f5
22. Ne2 Qa5+ 23. Kf1 b5 24. d5 Bg7 25. Nf4 Kd7 26. Ng6 b4 27. Be5 Rc5 28. Bxg7
Rxg7 29. Ne5+ Kd6 30. Nxc4+ Kxd5 31. Qd2+ Kxc4 32. Be2# 1-0

[Event "Xtracon Chess Open 2017"]
[Site "Helsingor DEN"]
[Date "2017.07.23"]
[Round "3.46"]
[White "Aabling-Thomsen, Jakob"]
[Black "Kunz, Andre"]
[Result "1-0"]
[WhiteTitle "IM"]
[WhiteElo "2391"]
[BlackElo "2103"]
[WhiteFideId "1407589"]
[BlackFideId "24623652"]
[EventDate "2017.07.22"]

1. c4 e5 2. Nf3 Nc6 3. Nc3 Nf6 4. a3 g6 5. e3 Bg7 6. d4 exd4 7. exd4 O-O 8. d5
Re8+ 9. Be2 Ne5 10. Nxe5 Rxe5 11. d6 Ne4 12. Nxe4 Rxe4 13. O-O Rd4 14. dxc7 Qxc7
15. Qb3 Be5 16. g3 b6 17. Be3 Rd6 18. Rac1 Bb7 19. c5 bxc5 20. Rxc5 Rb6 21. Qa2
Rc6 22. Rfc1 Rxc5 23. Rxc5 Qd6 24. Qc4 Re8 25. Qd3 Qe6 26. b4 h5 27. Qb5 Bc6 28.
Qc4 Qd6 29. Qd3 Qe6 30. Qc4 Qd6 31. Kf1 Bf6 32. Ke1 Re4 33. Qd3 Qe6 34. Kd2 Be7
35. Rc1 Re5 36. Ke1 h4 37. g4 Bb5 38. Qd4 Bxe2 39. Kxe2 Re4 40. Rc8+ Bf8 41.
Qxa7 Kg7 42. Qa8 Be7 43. Rg8+ Kf6 44. h3 Qc4+ 45. Kf3 Re6 46. Rc8 Qd3 47. Qa7
Re4 48. Rc1 d5 49. Qa8 Kg7 50. Qc6 Bf6 51. Kg2 d4 52. Bh6+ Kxh6 53. Qxf6 Re6 54.
Qxf7 Qe4+ 55. Qf3 Qe5 56. Qf8+ Kh7 57. Rc8 d3 58. Rd8 Qe4+ 59. Qf3 Qe5 60. Rd7+
Kh6 61. Qxd3 Qf6 62. Qd2+ g5 63. Qd3 Qxf2+ 64. Kxf2 Rf6+ 65. Qf3 1-0

[Event "Xtracon Chess Open 2017"]
[Site "Helsingor DEN"]
[Date "2017.07.23"]
[Round "3.47"]
[White "Haubro, Martin"]
[Black "Molvig, Henrik"]
[Result "1-0"]
[WhiteTitle "IM"]
[BlackTitle "CM"]
[WhiteElo "2365"]
[BlackElo "2090"]
[WhiteFideId "1414291"]
[BlackFideId "1402625"]
[EventDate "2017.07.22"]

1. e4 c5 2. Nf3 d6 3. d4 cxd4 4. Nxd4 Nf6 5. Nc3 a6 6. Bg5 e6 7. f4 Nbd7 8. Qf3
Qc7 9. O-O-O Be7 10. Bd3 h6 11. Bh4 g5 12. fxg5 Ne5 13. Qf2 Nfg4 14. Qd2 Rg8 15.
h3 hxg5 16. Bg3 Nxd3+ 17. cxd3 Ne5 18. Nf3 Nxf3 19. gxf3 Bd7 20. Kb1 Qa5 21. Rc1
Rc8 22. h4 gxh4 23. Bxh4 Bxh4 24. Rxh4 Qe5 25. Qf2 Qg3 26. Qxg3 Rxg3 27. Rh8+
Ke7 28. Rxc8 Bxc8 29. Ne2 Rg8 30. Rc7+ Kf6 31. Kc2 e5 32. b4 Rf8 33. Kd2 Kg5 34.
a4 f5 35. a5 fxe4 36. dxe4 Be6 37. Rg7+ Kh4 38. Ke3 Rf7 39. Rg6 Re7 40. f4 exf4+
41. Kxf4 Kh5 42. Rf6 Rf7 43. Ng3+ Kh4 44. Nf5+ 1-0

[Event "Xtracon Chess Open 2017"]
[Site "Helsingor DEN"]
[Date "2017.07.23"]
[Round "3.48"]
[White "Bjerre, Jonas Buhl"]
[Black "Subramanian, Aditya"]
[Result "1-0"]
[WhiteTitle "FM"]
[WhiteElo "2330"]
[BlackElo "2054"]
[WhiteFideId "1444948"]
[BlackFideId "1718924"]
[EventDate "2017.07.22"]

1. e4 e5 2. Nf3 Nc6 3. Bc4 Bc5 4. c3 Nf6 5. d3 d6 6. a4 a6 7. Na3 Ba7 8. Nc2 h6
9. O-O O-O 10. Be3 Be6 11. Bxe6 fxe6 12. Bxa7 Rxa7 13. Ne3 Ra8 14. b4 Ne7 15.
Nd2 Qe8 16. Qb3 Qf7 17. d4 Ng6 18. dxe5 Nxe5 19. f4 Neg4 20. Nxg4 Nxg4 21. h3
Nf6 22. c4 e5 23. f5 a5 24. bxa5 Nd7 25. Qxb7 Nc5 26. Qb4 Qd7 27. Rfb1 Ra6 28.
Nb3 Nxb3 29. Rxb3 Qc6 30. c5 d5 31. exd5 Qxd5 32. Rc1 Rxf5 33. Qc4 Qxc4 34. Rxc4
e4 35. Rb5 Re6 36. a6 e3 37. a7 Rf8 38. Rb8 Ra6 39. Rf4 1-0

[Event "Xtracon Chess Open 2017"]
[Site "Helsingor DEN"]
[Date "2017.07.23"]
[Round "3.49"]
[White "Rewitz, Poul"]
[Black "Tabaa, Ghayth"]
[Result "1/2-1/2"]
[WhiteTitle "FM"]
[WhiteElo "2310"]
[BlackElo "2041"]
[WhiteFideId "1401033"]
[BlackFideId "7603819"]
[EventDate "2017.07.22"]

1. d4 d6 2. g3 e5 3. dxe5 dxe5 4. Qxd8+ Kxd8 5. Nf3 f6 6. Bg2 c6 7. O-O Be6 8.
b3 a5 9. a4 Kc7 10. Bb2 Nd7 11. Na3 Ne7 12. Nd2 Nd5 13. Rfd1 Be7 14. Ndc4 N5b6
15. Nxb6 Nxb6 16. e4 Nd7 17. h3 g5 18. Bf1 h5 19. Nc4 h4 20. g4 Bxc4 21. Bxc4
Rhd8 22. Kf1 Nf8 23. Bf7 Rxd1+ 24. Rxd1 Rd8 25. Rd3 Rxd3 26. cxd3 Bc5 27. Bc3 b6
28. f4 Bd4 29. Bxd4 exd4 30. e5 fxe5 31. fxg5 Kd6 32. Ke2 Ke7 33. g6 Kf6 34. g5+
Kg7 35. Kf3 Nxg6 36. Be8 Nf4 37. Kg4 Nxd3 38. Bxc6 Nf2+ 39. Kxh4 d3 40. Kg3 d2
41. Bf3 d1=Q 42. Bxd1 Nxd1 43. Kg4 Ne3+ 44. Kf3 Nc2 45. Ke4 Na1 46. h4 Kg6 47.
Kxe5 Nxb3 48. Kf4 Nc5 49. h5+ Kf7 50. Kf5 Nd7 51. g6+ Kg8 52. h6 b5 53. axb5 a4
54. Ke6 a3 55. b6 Nf8+ 56. Kd6 a2 57. b7 a1=Q 58. b8=Q Qf6+ 59. Kc5 Qxg6 60. Qd6
Ne6+ 61. Kd5 Qf5+ 62. Kc4 Qc2+ 63. Kb4 Qb1+ 64. Kc3 Qc1+ 65. Kb3 Qe3+ 66. Kc4
Qe4+ 67. Kc3 Qe3+ 68. Kc4 Qe4+ 69. Kc3 Qe1+ 70. Kc4 Qc1+ 71. Kb3 Qxh6 72. Qe7
Qe3+ 73. Kb2 Qe5+ 74. Kb1 Qb5+ 75. Kc1 Qc4+ 76. Kd2 Nd4 77. Qe8+ Kg7 78. Qe7+
Kg6 79. Qe8+ Kf5 80. Qf8+ Ke5 81. Qh8+ Kd5 82. Qd8+ Kc5 83. Qc8+ Nc6 84. Qf8+
Kb5 85. Qf5+ Ka4 86. Qc2+ 1/2-1/2

[Event "Xtracon Chess Open 2017"]
[Site "Helsingor DEN"]
[Date "2017.07.23"]
[Round "3.50"]
[White "Pallesen, Jacob"]
[Black "Risting, Eivind Olav"]
[Result "1-0"]
[BlackTitle "FM"]
[WhiteElo "2054"]
[BlackElo "2307"]
[WhiteFideId "1404881"]
[BlackFideId "1517333"]
[EventDate "2017.07.22"]

1. g3 e5 2. Bg2 Nc6 3. c4 Bc5 4. Nc3 d6 5. Nf3 a6 6. O-O Nge7 7. a3 Ba7 8. b4
O-O 9. Bb2 Bg4 10. d3 Qd7 11. Qa4 Rad8 12. e3 h6 13. b5 Nb8 14. Nd2 Qc8 15. Rfe1
Bf5 16. d4 Ng6 17. Nd5 Rfe8 18. Rac1 Nf8 19. c5 dxc5 20. dxc5 axb5 21. Qxb5 e4
22. Qc4 c6 23. Qc3 f6 24. Nxf6+ gxf6 25. Qxf6 Ne6 26. Nxe4 Rf8 27. Qxh6 Bxe4 28.
Bxe4 Qd7 29. Bg6 1-0

[Event "Xtracon Chess Open 2017"]
[Site "Helsingor DEN"]
[Date "2017.07.23"]
[Round "3.51"]
[White "Fossan, Petter"]
[Black "Magnusson, Magnus"]
[Result "1-0"]
[WhiteTitle "FM"]
[WhiteElo "2301"]
[BlackElo "2005"]
[WhiteFideId "1500260"]
[BlackFideId "2302128"]
[EventDate "2017.07.22"]

1. e4 e5 2. Nf3 Nc6 3. Bb5 a6 4. Ba4 Nf6 5. Qe2 b5 6. Bb3 Bc5 7. d3 d6 8. O-O h6
9. Be3 Bg4 10. Bxc5 dxc5 11. Qe3 Qd6 12. Nbd2 Nd4 13. c3 Ne6 14. h3 Bxf3 15.
Nxf3 g5 16. Bxe6 fxe6 17. d4 Nd7 18. Rfd1 exd4 19. cxd4 Qf4 20. Qxf4 gxf4 21.
dxc5 Nxc5 22. Rac1 Nxe4 23. Rxc7 O-O 24. Rdd7 Nf6 25. Rg7+ Kh8 26. Ne5 1-0

[Event "Xtracon Chess Open 2017"]
[Site "Helsingor DEN"]
[Date "2017.07.23"]
[Round "3.52"]
[White "Schrodt, Sebastian"]
[Black "Wadsworth, Matthew J"]
[Result "0-1"]
[BlackTitle "FM"]
[WhiteElo "2007"]
[BlackElo "2298"]
[WhiteFideId "24675563"]
[BlackFideId "415804"]
[EventDate "2017.07.22"]

1. Nf3 d5 2. c4 c6 3. g3 Nf6 4. Bg2 dxc4 5. Na3 b5 6. b3 cxb3 7. axb3 Bb7 8. Ne5
a6 9. d4 e6 10. O-O Be7 11. Qc2 O-O 12. Bxc6 Nxc6 13. Nxc6 Bxc6 14. Qxc6 Qxd4
15. Nxb5 Qxa1 16. Ba3 Qe5 17. Bxe7 Rfc8 18. Qd6 Qxb5 0-1

[Event "Xtracon Chess Open 2017"]
[Site "Helsingor DEN"]
[Date "2017.07.23"]
[Round "3.53"]
[White "Thybo, Thomas Sondergaard"]
[Black "Svane, Frederik"]
[Result "0-1"]
[WhiteElo "1999"]
[BlackElo "2276"]
[WhiteFideId "1441299"]
[BlackFideId "12923044"]
[EventDate "2017.07.22"]

1. e4 c5 2. Nf3 e6 3. d4 cxd4 4. Nxd4 a6 5. Nc3 Qc7 6. Be2 Nf6 7. O-O Be7 8. f4
d6 9. Be3 Nbd7 10. Qe1 b5 11. Qg3 b4 12. Na4 Nxe4 13. Qxg7 Bf6 14. Qh6 Bb7 15.
Bh5 Ke7 16. c3 Qa5 17. Bd1 bxc3 18. bxc3 Nxc3 0-1

[Event "Xtracon Chess Open 2017"]
[Site "Helsingor DEN"]
[Date "2017.07.23"]
[Round "3.54"]
[White "Rosenkilde, Alexander"]
[Black "Moestrup, Jorn"]
[Result "0-1"]
[WhiteElo "2274"]
[BlackElo "2034"]
[WhiteFideId "1408488"]
[BlackFideId "1403680"]
[EventDate "2017.07.22"]

1. d4 d5 2. c4 c6 3. Nf3 Nf6 4. e3 e6 5. b3 c5 6. Nbd2 Nc6 7. Bb2 Be7 8. Rc1
cxd4 9. exd4 O-O 10. Bd3 Bd7 11. O-O Rc8 12. Qe2 Re8 13. Rfd1 dxc4 14. bxc4 Nb4
15. Bb1 Ba4 16. Re1 g6 17. Ne5 Nc6 18. Nef3 Nh5 19. Ne4 Ng7 20. Nc3 Qa5 21. d5
Nd8 22. Qe5 f6 23. Qe2 e5 24. Ne4 f5 25. Nc3 e4 26. Nd4 Bg5 27. Nxa4 Bxc1 28.
Rxc1 Qxa4 29. c5 Nf7 30. Bc2 Qb4 31. Nb3 Ne5 32. a3 Qc4 33. Qxc4 Nxc4 34. Bxg7
Kxg7 35. a4 e3 36. fxe3 Nxe3 37. d6 Red8 38. Bd3 Kf6 39. Re1 f4 40. g3 g5 41.
Bxh7 b6 42. Rc1 bxc5 43. Nxc5 Rb8 44. Ne4+ Ke5 45. Nxg5 Rf8 46. gxf4+ Rxf4 47.
d7 Rd8 48. Re1 Rg4+ 49. Kf2 Rxg5 50. Rxe3+ Kd6 51. h4 Re5 52. Rd3+ Ke7 53. Kg3
Rxd7 54. Rxd7+ Kxd7 55. Kf4 Ke6 56. Bd3 Kf6 57. Bb5 Rd5 58. Kf3 Rd4 59. Kg3 Rb4
60. Bd7 a6 61. Bc6 Rd4 62. h5 Kg5 63. Be8 Rd3+ 64. Kf2 Kf4 65. Bc6 Rd2+ 66. Ke1
Ke3 67. Be8 Rd8 68. Bg6 Rd4 69. a5 Rh4 70. Kd1 Rh2 71. Kc1 Kd4 72. Kb1 Kc4 73.
Kc1 Kb4 74. Kb1 Kxa5 75. Ka1 Kb4 76. Kb1 a5 77. Ka1 a4 78. Kb1 Ka3 79. Bf7 Rb2+
80. Kc1 Rb6 81. Bg6 Ka2 82. Bf7+ Ka1 83. Bg6 Rc6+ 84. Bc2 a3 85. h6 Rxh6 86. Be4
Re6 87. Bf3 Re5 88. Bd1 Rc5+ 89. Bc2 Rc7 0-1

[Event "Xtracon Chess Open 2017"]
[Site "Helsingor DEN"]
[Date "2017.07.23"]
[Round "3.55"]
[White "Samaganova, Alexandra"]
[Black "Seo, Jung Min"]
[Result "0-1"]
[WhiteElo "1992"]
[BlackElo "2270"]
[WhiteFideId "13800221"]
[BlackFideId "1734687"]
[EventDate "2017.07.22"]

1. c4 Nf6 2. Nc3 g6 3. g3 Bg7 4. Bg2 d6 5. e4 O-O 6. Nge2 c5 7. d3 Nc6 8. O-O
Nd7 9. a3 Nd4 10. Rb1 Nb8 11. b4 Nbc6 12. b5 Nxe2+ 13. Nxe2 Nd4 14. Nxd4 Bxd4
15. Bh6 Re8 16. h4 e5 17. Kh2 Be6 18. Qd2 Qd7 19. Bg5 f5 20. exf5 Bxf5 21. Be3
Re7 22. Rfe1 Rae8 23. Rb3 h5 24. a4 Kh7 25. a5 Rf8 26. a6 Bxe3 27. Rxe3 b6 28.
Rb1 Ref7 29. Bc6 Qd8 30. Bd5 Be6 31. Rf1 Bxd5 32. cxd5 Qa8 33. Qa2 Qc8 34. f3
Qf5 35. Qc4 Kg7 36. Qe4 Qd7 37. Rb1 Qd8 38. Kg2 Rf4 39. gxf4 Rxf4 40. Qxf4 exf4
41. Re6 Qxh4 42. Rf1 g5 43. Re7+ Kf6 44. Rxa7 g4 45. fxg4 Qg3+ 46. Kh1 f3 47.
g5+ Kg6 48. Rxf3 Qxf3+ 49. Kg1 h4 50. Re7 h3 0-1